Carregant...

The Complete Prefaces of Bernard Shaw

Dades bibliogràfiques
Autor principal: Hamlyn, Paul
Format: Printed Book
Publicat: London; Paul Hamlyn Ltd; 1965
Matèries:
LEADER 00499nam a22001337a 4500
082 |a 808  |b HAM/T K5 
100 |a Hamlyn, Paul  |9 261900 
245 |a The Complete Prefaces of Bernard Shaw 
260 |a London;  |b Paul Hamlyn Ltd;  |c 1965 
300 |a 948p. 
650 |a Anthology; English Anthology; English Literature  |9 315273 
942 |c BK 
999 |c 62875  |d 62875 
952 |0 0  |1 0  |4 0  |6 808_000000000000000_HAM_T_K5  |7 0  |8 EnglAnth  |9 75333  |a MAL  |b MAL  |d 2016-10-03  |e 6263  |l 0  |o 808 HAM/T K5  |p MAL006263  |r 2016-10-03  |t 1  |w 2016-10-03  |y BK